| 000 | 00454cam a2200181ua 4500 | ||
|---|---|---|---|
| 020 | _c3.50 | ||
| 041 |
_ahin _h |
||
| 082 |
_a891.54 _bHAR/BH |
||
| 100 | _aHaridath, Vedalnkar . | ||
| 245 |
_aBharatiya samskriti ka samshipt ithihas / _cHaridath Vedalankar. _hTextual Documents |
||
| 250 |
_a2 / _b. |
||
| 260 |
_a : _bAtmaram and Sons , _c1958. |
||
| 300 | _a187 ; . | ||
| 365 | _a3.50 | ||
| 504 | _a | ||
| 942 | _cBK | ||
| 999 |
_c11869 _d11869 |
||